Central Library OPAC University of Rajshahi

The light of other days / (Record no. 24032)

MARC details
000 -LEADER
fixed length control field 00897cam a22002777a 4500
001 - CONTROL NUMBER
control field 24032
003 - CONTROL NUMBER IDENTIFIER
rucl marc code BD-RjUL
005 - DATE AND TIME OF LATEST TRANSACTION
control field 20211209001012.0
008 - FIXED-LENGTH DATA ELEMENTS--GENERAL INFORMATION
fixed length control field 140312s1988 II fmn d eng
035 ## - SYSTEM CONTROL NUMBER
System control number (BD-RjUL)24097
040 ## - CATALOGING SOURCE
Original cataloging agency DLC
Transcribing agency DLC
Modifying agency DLC
Language of cataloging eng
041 ## - LANGUAGE CODE
Language code of text/sound track or separate title eng
100 ## - MAIN ENTRY--PERSONAL NAME
Personal name Shaidai, S.H.
9 (RLIN) 74013
110 2# - MAIN ENTRY--CORPORATE NAME
Corporate name or jurisdiction name as entry element Celtic Thunder (Musical group : 1977- )
Relator code prf
9 (RLIN) 74027
245 14 - TITLE STATEMENT
Title The light of other days /
Statement of responsibility, etc. S.H. Shaidai
260 ## - PUBLICATION, DISTRIBUTION, ETC. (IMPRINT)
Place of publication, distribution, etc. Dhaka :
Name of publisher, distributor, etc. pabna samati,
Date of publication, distribution, etc. p1988.
300 ## - PHYSICAL DESCRIPTION
Pagination 1 sound disc :
Illustrations analog, 33 1/3 rpm, stereo. ;
Size 12 in.
500 ## - GENERAL NOTE
General note Includes words printed as text (1 leaf) inserted in container.
General note Minimal level cataloging.
650 #0 - SUBJECT ADDED ENTRY--TOPICAL TERM
Topical term or geographic name as entry element Folk music
Geographic subdivision Ireland.
9 (RLIN) 74015
Topical term or geographic name as entry element Folk songs, English
Geographic subdivision Ireland.
9 (RLIN) 74016
Topical term or geographic name as entry element Folk dance music
Geographic subdivision Ireland.
9 (RLIN) 74017
942 ## - ADDED ENTRY ELEMENTS (KOHA)
Source of classification or shelving scheme Dewey Decimal Classification
Koha item type Books
Holdings
Lost status Source of classification or shelving scheme Damaged status Not for loan Collection code Permanent Location Current Location Shelving location Date acquired Source of acquisition Cost, normal purchase price Total Checkouts Full call number Date last seen Copy number Koha item type
  Dewey Decimal Classification     Non-fiction Central Library, University of Rajshahi Central Library, University of Rajshahi   04/10/1989 Aushaka 150.00   923.7 SHL 1988 12/03/2014 C-3 Books